000 00567nam a2200205Ia 4500
003 IT-RoPAU
008 120407s9999 xx 000 0 und d
040 _aIT-RoPAU
040 _cIT-RoPAU
041 _afra
100 _aAndré Gide
245 _aLa symphonie pastorale
250 _aParis
260 _aGallimard
300 _c18,5 cm
490 _v1
600 _a"11. La symphonie pastorale 12. Thésée 13 Le voyage d’Urien 14.André Gide et notre temps 15. Paul Claudel et André Gide: Correspondence 1899 - 1926."
942 _cBK
999 _c17267
_d17267